000 00321 a2200145 4500
001 171754
020 _a
040 _cMagnum
100 _aAntunes, Maria Fernanda
240 1 0 _aNegrinho do pastoreio/ftd
_lpor
245 1 0 _aNegrinho do pastoreio/ftd
362 0 _a1899
697 _aI/LENDAS, FOLCLORE
942 _cBK
999 _c171754
_d171754